000 00866nab a2200241u 4500
001 07317
003 HDC
007 c| |||a|c|aaaa
008 210127b20160224my ||||| |||| 00| 0 may d
040 _aHDC
100 _aChe Wan Badrul Alias /
_eauthor
_97791
245 0 _aFGV mahu lonjak Delima Oil :
_bPenerokaan dalam industri pasaran halal domestik, global dipertingkat /
_cChe Wan Badrul Alias
336 _atext
_2rdacontent
337 _acomputer
_2rdamedia
338 _aonline resource
_2rdacarrier
650 _aDelima Oil
_97835
650 _aFelda Global Ventures Holdings Bhd (FGV)
_97834
710 _aBerita Harian
856 _zRequest full-text at [email protected]
942 _2lcc
942 _cNEWS
942 _kNWSC 001371
999 _c4641
_d4641